Teritoriálne aspekty ruskej zahraničnej politiky

Všeobecné znaky ruskej zahraničnej politiky. Koncepcia zahraničnej politiky Ruskej federácie z roku 1993. Prioritná pozornosť venovaná najmä krajinám SNŠ a blízkemu zahraničiu, USA a európskemu kontinentu. Koncepcia zahraničnej politiky Ruskej federácie od roku 2000. Zmena smerovania ruskej zahranič...

Descripción completa

Guardado en:
Detalles Bibliográficos
Autor principal: Holas, Lukáš
Formato: Capítulo de libro
Lenguaje:eslovaco
Materias:
Etiquetas: Agregar Etiqueta
Sin Etiquetas, Sea el primero en etiquetar este registro!

MARC

LEADER 00000nla$a2200000$$$4500
001 0149682
005 20240502072706.5
041 0 |a slo 
044 |a SK 
245 1 0 |a Teritoriálne aspekty ruskej zahraničnej politiky  |c Lukáš Holas 
520 |a Všeobecné znaky ruskej zahraničnej politiky. Koncepcia zahraničnej politiky Ruskej federácie z roku 1993. Prioritná pozornosť venovaná najmä krajinám SNŠ a blízkemu zahraničiu, USA a európskemu kontinentu. Koncepcia zahraničnej politiky Ruskej federácie od roku 2000. Zmena smerovania ruskej zahraničnej politiky od prozápadnej orientácie k tvorbe multipolarity. Koncepcia zahraničnej politiky Ruskej federácie od roku 2008. 
610 2 0 |a politika zahraničná 
610 2 0 |a vzťahy medzinárodné 
610 2 0 |a spolupráca medzinárodná 
610 2 0 |a bezpečnosť 
610 2 0 |a organizácie medzinárodné 
610 2 0 |a sily ozbrojené 
610 2 0 |a Rusko 
610 2 0 |a USA 
610 2 0 |a Európa 
100 1 |a Holas, Lukáš